000 01040cab a2200277 4500
001 WB3140-30
008 090401t1995 xxu||||| |||| 00| 0 eng d
035 _a(Sirsi) u9154
041 _aeng
245 _aRent review gearing formula
260 _c1995
350 _a0
490 _aEstates Gazette Case Summaries
_v1995 EGCS 148(1) (21 October 1995)
520 _a"Norwich Union Life Insurance Society v British Telecommunications plc" ChD 12 October 1995. Examines whether a gearing formula in the lease should be applied in a rent review when the lease also called for an assessment of the open market to determine a comparable rate.
650 _aCONSTRUCTION OF CLAUSE
650 _aGEARING FORMULA
650 _aNORWICH UNION LIFE INSURANCE SOCIETY V BRITISH TELECOMMUNICATIONS PLC
650 _aNOTIONAL LETTING
650 _aOFFICES
650 _aRENT REVIEWS
650 _aTELEPHONE EXCHANGE
650 _aUNDERLEASE
690 _aLANDLORD AND TENANT-CASE LAW-RENT REVIEWS
942 _n0
948 _c04/03/1997
999 _c5679
_d5679